000 00782cab a2200253 4500
001 WB3426-55
008 090401t1998 xxu||||| |||| 00| 0 eng d
035 _a(Sirsi) u87283
041 _aeng
245 _aCity charge
260 _c1998
350 _a0
490 _aFinancial Times
_v7 July 1998, 24
490 _aIndependent
_v7 July 1998, 10(2)
520 _aThe Corporation of London`s proposal to charge drivers of non-essential vehicles £3 a day to enter the Square Mile has been heavily criticised by motoring organisations.
650 _aCITY OF LONDON
650 _aCORPORATION OF LONDON
650 _aROAD CHARGES
650 _aROAD TOLLS
650 _aTRAFFIC MANAGEMENT
690 _aTRANSPORT AND COMMUNICATIONS
942 _n0
948 _c08/07/1998
999 _c55047
_d55047